|
|
|
|
| LEADER |
02131nam a2200397 a 4500 |
| 001 |
30839 |
| 003 |
BD-DhAAL |
| 005 |
20160207113044.0 |
| 008 |
160207s2005 nyu 000 1 eng |
| 010 |
|
|
|a 2001036629
|
| 020 |
|
|
|a 0671027387
|
| 040 |
|
|
|a DLC
|c DLC
|d DLC
|d BD-DhAAL
|
| 050 |
0 |
0 |
|a PS3552.R685434
|b D4 2001
|
| 082 |
0 |
0 |
|a 813/.54
|2 21
|
| 100 |
1 |
|
|a Brown, Dan,
|d 1964-
|9 17790
|
| 245 |
1 |
0 |
|a Deception point /
|c Dan Brown.
|
| 260 |
|
|
|a New York :
|b Pocket Books,
|c c2005.
|
| 300 |
|
|
|a 372 p. ;
|c 25 cm.
|
| 526 |
|
|
|a Jaatri
|
| 541 |
|
|
|a 30839
|
| 650 |
|
0 |
|a Americans
|z Arctic regions
|v Fiction.
|9 17791
|
| 650 |
|
0 |
|a Presidents
|x Election
|v Fiction.
|9 17792
|
| 650 |
|
0 |
|a Conspiracies
|v Fiction.
|9 17793
|
| 650 |
|
0 |
|a Scientists
|v Fiction.
|9 17794
|
| 650 |
|
0 |
|a Meteors
|v Fiction.
|9 17795
|
| 651 |
|
0 |
|a Arctic regions
|v Fiction.
|9 17796
|
| 655 |
|
7 |
|a Political fiction.
|2 lcsh
|9 17797
|
| 655 |
|
7 |
|a Suspense fiction.
|2 gsafd
|9 17798
|
| 942 |
|
|
|2 ddc
|c BK
|
| 999 |
|
|
|c 36787
|d 36787
|
| 952 |
|
|
|0 0
|1 0
|2 ddc
|4 0
|6 813_540000000000000_BRO
|7 0
|9 57886
|a BRACUL
|b BRACUL
|c GEN
|d 2016-02-07
|e Jaatri
|l 29
|m 151
|o 813.54 BRO
|p 3010030839
|q 2026-06-02
|r 2026-05-17
|s 2026-05-17
|t 1
|w 2016-02-07
|y BK
|
| 952 |
|
|
|0 0
|1 0
|2 ddc
|4 0
|6 813_000000000000000__54_BRO
|7 0
|9 60530
|a SCL
|b SCL
|c GEN
|d 2017-05-07
|e Tajin Boi Ghar
|g 100.00
|l 12
|m 48
|o 813.54 BRO
|p 3020009095
|r 2025-02-15
|s 2025-02-09
|t 2
|w 2017-05-07
|y BK
|
| 952 |
|
|
|0 0
|1 0
|2 ddc
|4 0
|6 813_000000000000000__54_BRO
|7 0
|9 60531
|a SCL
|b SCL
|c GEN
|d 2017-05-07
|e Tajin Boi Ghar
|g 100.00
|l 12
|m 63
|o 813.54 BRO
|p 3020009099
|r 2025-08-27
|s 2025-08-14
|t 3
|w 2017-05-07
|y BK
|
| 952 |
|
|
|0 0
|1 0
|2 ddc
|4 0
|6 813_000000000000000__54_BRO
|7 0
|9 60532
|a SCL
|b SCL
|c GEN
|d 2017-05-07
|e Tajin Boi Ghar
|g 100.00
|l 12
|m 56
|o 813.54 BRO
|p 3020009097
|r 2025-06-28
|s 2025-06-21
|t 4
|w 2017-05-07
|y BK
|
| 952 |
|
|
|0 0
|1 0
|2 ddc
|4 0
|6 813_000000000000000__54_BRO
|7 0
|9 60533
|a SCL
|b SCL
|c GEN
|d 2017-05-07
|e Tajin Boi Ghar
|g 100.00
|l 13
|m 42
|o 813.54 BRO
|p 3020009096
|r 2025-09-11
|s 2025-08-30
|t 5
|w 2017-05-07
|y BK
|
| 952 |
|
|
|0 0
|1 0
|2 ddc
|4 0
|6 813_000000000000000__54_BRO
|7 0
|9 60534
|a SCL
|b SCL
|c GEN
|d 2017-05-07
|e Tajin Boi Ghar
|g 100.00
|l 13
|m 39
|o 813.54 BRO
|p 3020009098
|r 2026-05-07
|s 2026-04-24
|t 6
|w 2017-05-07
|y BK
|